<?xml version="1.0" encoding="UTF-8"?><?xml-stylesheet type="text/xsl" href="static/style.xsl"?><OAI-PMH xmlns="http://www.openarchives.org/OAI/2.0/" xmlns:xsi="http://www.w3.org/2001/XMLSchema-instance" xsi:schemaLocation="http://www.openarchives.org/OAI/2.0/ http://www.openarchives.org/OAI/2.0/OAI-PMH.xsd"><responseDate>2026-06-04T06:31:27Z</responseDate><request verb="GetRecord" identifier="oai:recam.amb.cat:20.500.14439/2438" metadataPrefix="marc">https://recam.amb.cat/rest/oai/request</request><GetRecord><record><header><identifier>oai:recam.amb.cat:20.500.14439/2438</identifier><datestamp>2025-03-26T10:35:48Z</datestamp><setSpec>com_20.500.14439_126</setSpec><setSpec>col_20.500.14439_144</setSpec></header><metadata><record xmlns="http://www.loc.gov/MARC21/slim" xmlns:dcterms="http://purl.org/dc/terms/" xmlns:xsi="http://www.w3.org/2001/XMLSchema-instance" xmlns:doc="http://www.lyncode.com/xoai" xsi:schemaLocation="http://www.loc.gov/MARC21/slim http://www.loc.gov/standards/marcxml/schema/MARC21slim.xsd">
   <leader>00925njm 22002777a 4500</leader>
   <datafield ind2=" " ind1=" " tag="042">
      <subfield code="a">dc</subfield>
   </datafield>
   <datafield ind2=" " ind1=" " tag="720">
      <subfield code="a">Institut d'Estudis Regionals i Metropolitans de Barcelona</subfield>
      <subfield code="e">author</subfield>
   </datafield>
   <datafield ind2=" " ind1=" " tag="260">
      <subfield code="c">2020-04-01</subfield>
   </datafield>
   <datafield ind2=" " ind1=" " tag="520">
      <subfield code="a">L'objectiu d'aquest estudi va ser utilitzar imatges de satèl·lit de regions metropolitanes per desenvolupar un mètode per predir l'evolució de la llum nocturna (LNT) i dissenyar un model d'autòmats cel·lulars matemàtics per predir escenaris de progrés urbà. Per validar el model amb dades reals, vam utilitzar NTL per al període 1992-2012 de la regió europea NUTS-2 de Catalunya. Els escenaris de superfície il·luminada (com a estimació de l'expansió urbana) es van calcular utilitzant variacions en la intensitat de la llum (com a estimació de l'activitat econòmica). En total, vam aplicar el model a dotze regions metropolitanes europees NUTS-3. El model ens proporciona tres tipus d'informació útil relacionada amb les superfícies urbanes: la principal és una línia de base de superfície urbana NTL, que al seu torn es va utilitzar en processos de calibratge / validació; la segona és una línia de regressió per a la intensitat i l'activitat econòmica NTL; finalment, trobem una bona aproximació gruixuda a la forma urbana en escenaris de progrés urbà. Atès que el NTL està disponible per a tot el món, el model podria ser utilitzat per estudiar les dinàmiques d'urbanització en regions metropolitanes per a les quals, en particular, les dades socioeconòmiques no estan disponibles a aquesta escala territorial, i fins i tot les megaregions que emergeixen com a unitats econòmiques globals.</subfield>
   </datafield>
   <datafield ind1="8" ind2=" " tag="024">
      <subfield code="a">https://hdl.handle.net/20.500.14439/2438</subfield>
   </datafield>
   <datafield ind1="8" ind2=" " tag="024">
      <subfield code="a">9236088</subfield>
   </datafield>
   <datafield tag="653" ind2=" " ind1=" ">
      <subfield code="a">Contaminació lumínica</subfield>
   </datafield>
   <datafield tag="653" ind2=" " ind1=" ">
      <subfield code="a">Sostenibilitat</subfield>
   </datafield>
   <datafield ind2="0" ind1="0" tag="245">
      <subfield code="a">Space-time Dynamics of Urban Systems from Satellite Images of Night Lighting. Economic Scenarios for European Metropolitan Regions</subfield>
   </datafield>
</record></metadata></record></GetRecord></OAI-PMH>